Le meilleur buteur de Ligue 1 depuis 2009/10 - Statistiques

Statistiques générales
  • Ce quiz a été pris 194 fois
  • Le résultat moyen est 13 sur 15
Statistiques - réponses
Saison Club 1er 2e 3e % Correct
2023/24 PSG Mbappe David Lacazette
100%
2022/23 PSG Mbappe Lacazette David
100%
2021/22 PSG Mbappe Ben Yedder Dembele
100%
2020/21 PSG Mbappe Depay Ben Yedder
100%
2018/19 PSG Mbappe Pepe Cavani
100%
2017/18 PSG Cavani Thauvin Neymar Jr
98%
2016/17 PSG Cavani Lacazette Falcao
98%
2015/16 PSG Ibrahimovic Lacazette Cavani
94%
2013/14 PSG Ibrahimovic Aboubakar Ben Yedder
94%
2012/13 PSG Ibrahimovic Aubameyang Cvitanich
94%
2014/15 OL Lacazette Gignac Ibrahimovic
93%
2011/12* MHSC Giroud Nene Hazard
87%
2019/20 ASM Ben Yedder Mbappe Dembele
79%
2009/10 OM Niang Gameiro Erding
47%
2010/11 LOSC Sow Gameiro El Arabi
37%
Aucun quiz correspondant
Distribution des résultats
% des personnes avec chaque résultat
Percentile par nombre de réponses
Votre historique - résultats
Vous n’avez pas pris ce quiz